annual review of astronomy and astrophysics (Record no. 5418)

MARC details
000 -LEADER
fixed length control field 00533nam a2200157Ia 4500
003 - CONTROL NUMBER IDENTIFIER
control field IN-BaIIA
008 - FIXED-LENGTH DATA ELEMENTS--GENERAL INFORMATION
fixed length control field 211028s9999 xx 000 0 eng d
040 ## - CATALOGING SOURCE
Transcribing agency IIA Library
245 #0 - TITLE STATEMENT
Title annual review of astronomy and astrophysics
Remainder of title vol. 14
Statement of responsibility, etc. edited by G. R. Burbridge
260 ## - PUBLICATION, DISTRIBUTION, ETC.
Name of publisher, distributor, etc. Annual Reviews
Date of publication, distribution, etc. 1976
650 ## - SUBJECT ADDED ENTRY--TOPICAL TERM
Topical term or geographic name entry element Astronomy and astrophysics thesaurus
650 ## - SUBJECT ADDED ENTRY--TOPICAL TERM
Topical term or geographic name entry element Astronomy-Periodicals
9 (RLIN) 4087
650 ## - SUBJECT ADDED ENTRY--TOPICAL TERM
Topical term or geographic name entry element Astrophysics-Periodicals
9 (RLIN) 4088
700 ## - ADDED ENTRY--PERSONAL NAME
Personal name Burbridge, G. R., ed.
9 (RLIN) 9428
942 ## - ADDED ENTRY ELEMENTS (KOHA)
Koha item type Books
Holdings
Withdrawn status Lost status Damaged status Not for loan Home library Current library Shelving location Date acquired Total Checkouts Barcode Date last seen Price effective from Koha item type
        IIA Library-Bangalore IIA Library-Kavalur General Stacks 07/03/1977   6056 05/11/2021 07/03/1977 Books

Powered by Koha